Νέες τεχνολογίες στην εκπαίδευση και στην εκπαίδευση από απόσταση : πρακτικά πανελλήνιου συνεδρίου με διεθνή συμμετοχή, Ρέθυμνο, 8-10 Ιουνίου 2001

Αποθηκεύτηκε σε:
Λεπτομέρειες βιβλιογραφικής εγγραφής
Συγγραφή απο Οργανισμό/Αρχή: Πανεπιστήμιο Κρήτης Σχολή Επιστημών Αγωγής Παιδαγωγικό Τμήμα Δ.Ε
Άλλοι συγγραφείς: Μακράκης, Βασίλης Γ. (Επιμελητής έκδοσης)
Μορφή: Βιβλίο
Γλώσσα:Greek
Δημοσίευση: [Αθήνα] : Ατραπός, [2001].
Θέματα:
Ετικέτες: Προσθήκη ετικέτας
Δεν υπάρχουν, Καταχωρήστε ετικέτα πρώτοι!

MARC

LEADER 00000cam a2200000 i 4500
001 1/34765
008 060922s2001 gr | ||| |||| ||gre||
020 |a 9608077427   |q (σκληρό εξώφυλλο) 
035 |l 10085324 
040 |a GR-MY-UA  |b gre  |e aacr 
041 0 |a gre 
082 7 |a 371.334   |2 (22) 
245 0 0 |a Νέες τεχνολογίες στην εκπαίδευση και στην εκπαίδευση από απόσταση :   |b πρακτικά πανελλήνιου συνεδρίου με διεθνή συμμετοχή, Ρέθυμνο, 8-10 Ιουνίου 2001 /   |c Πανεπιστήμιο Κρήτης. Σχολή Επιστημών αγωγής. Παιδαγωγικό Τμήμα Δημοτικής Εκπαίδευσης ; επιμέλεια: Βασίλης Γ. Μακράκης.  
260 |a [Αθήνα] :   |b Ατραπός,   |c [2001].  
300 |a 752 σ. ;   |c 24 εκ.  
504 |a Περιλαμβάνει βιβλιογραφικές παραπομπές.  
650 0 0 |a Teaching  |x Aids and devices. 
650 0 0 |a Computer-assisted instruction  |x Congresses. 
650 0 0 |a Educational technology  |x Congresses. 
650 0 0 |a Internet in education  |x Congresses. 
650 0 0 |a Distance education  |x Congresses. 
650 0 0 |a Education  |x Effect of technological innovations on. 
700 1 |a Μακράκης, Βασίλης Γ.  |e edt 
710 2 |a Πανεπιστήμιο Κρήτης  |b Σχολή Επιστημών Αγωγής  |b Παιδαγωγικό Τμήμα Δ.Ε. 
852 |a INST  |b RHODES  |e 20060922  |h 371.334 ΝΕΕ  |p 005400024532  |q 005400024532  |t BK  |y 0 
852 |a INST  |b RHODES  |e 20140826  |h 371.334 ΝΕΕ  |p 005400036659  |q 005400036659  |t BK  |y 0 
901 |a BIBL4-2006-2 
901 |a BIBL4-2014-2 
909 |a Ρ  |b 128740 
909 |a Ρ  |b 183161 
920 |a ΑΝΑΜΟΡΦΩΣΗ  |b ΕΠΕΑΕΚ ΙΙ-ΠΤΔΕ  |y Ρόδος  |z 2006-06 
970 |a ΚΟΖΑ  |b ΜΑΡΙΑ  |z 2006/09/22